000 00654nam a2200205 a 4500
001 000027418
003 OSt
005 20210917114541.0
008 110331s2004 dr a 000 0 spa d
040 _aDO-SdBNP
_bspa
_cBNPHU
082 4 _a972.93053
_bF385a
100 1 _aFerreras, Ramón Alberto
_911298
245 1 0 _aAllá por los años viejos /
_cRamón Alberto Ferreras.
260 _a[Santo Domingo] :
_b[s. n.],
_c[196?].
300 _a290 p. :
_bil. ;
_c18 cm.
590 _aInventariado, 2019 / DG
651 4 _aRepública Dominicana
_xHistoria
_vEnsayos, conferencias, etc.
_92203
910 _aValidado. Control de calidad MFF
942 _2ddc
_cLF1
999 _c26910
_d26910